| 000 | 01391nam a2200361 4500 | ||
|---|---|---|---|
| 001 | 0000016776 | ||
| 003 | CO-CtgCURN | ||
| 005 | 20260319130130.0 | ||
| 007 | ta | ||
| 008 | 160627s2012 000 0 eng d | ||
| 020 | _a9789589076699 | ||
| 040 |
_aCO-CtgCURN _bspa _ccoctgcurn |
||
| 082 | 0 |
_a618.92 _bC824fu |
|
| 100 | 1 | _aCorrea V., José Alberto. | |
| 245 | 1 | 0 |
_aFundamentos de pediatria / _cJosé Alberto Correa V., Juan Fernando Gómez R., Ricardo Posada S. |
| 250 | _a4a ed. | ||
| 260 |
_aMedellin : _bCIB (Corporación para Investigaciones biologicas), _c2012. |
||
| 300 | _a2 V. | ||
| 336 | _2rdacontent | ||
| 337 |
_2rdamedia _asin mediacion _bn |
||
| 338 |
_2rdacarrier _avolumen _bnc |
||
| 504 | _aReferencias bibliograficas al final de cada capitulo. | ||
| 505 | 8 | _av.1: Generalidades y neonatología - v.2: Genetica, inmunología, alergología, reumatología, hematología, cardiología y oncología | |
| 590 | _aPediatría (Medicina) | ||
| 650 | 1 | 4 | _aPediatria. |
| 700 | 1 | _aGómez R, Juan Fernando. | |
| 908 | _a160627 | ||
| 942 |
_cBK _h618.92 _iC824fu _2ddc |
||
| 999 |
_c23729 _d23729 |
||